| 000 | 00406nam a2200169Ia 4500 | ||
|---|---|---|---|
| 003 | OSt | ||
| 005 | 20240412123551.0 | ||
| 008 | 170619s9999 xx 000 0 und d | ||
| 020 | _a978-9352718375 | ||
| 040 | _cIIMT ENGINEERING COLLEGE | ||
| 100 | _aKuchhal M C | ||
| 245 | 0 | _aBusiness Legislation for management | |
| 260 | _bNew Delhi Vikas | ||
| 260 | _c2007 | ||
| 546 | _aENGLISH | ||
| 942 |
_2ddc _c02 |
||
| 999 |
_c22313 _d22313 |
||